| 000 | 00382 a2200109 4500 | ||
|---|---|---|---|
| 001 | ART_3513 | ||
| 005 | 20260410161715.0 | ||
| 008 | 260409a | ||
| 245 | 1 | 0 | _aEl deterioro regional: una manifestación en la producción tabacalera correntina 1976-1981 |
| 100 | 1 | _aManzanal, Mabel | |
| 773 | 0 |
_tDesarrollo económico _g- Vol. 26, Nº 103 (oct./dic. 1986) _wREV1174 |
|
| 999 |
_c16460 _d16460 |
||